<?xml version="1.0" encoding="UTF-8"?>
<record
    xmlns:xsi="http://www.w3.org/2001/XMLSchema-instance"
    xsi:schemaLocation="http://www.loc.gov/MARC21/slim http://www.loc.gov/standards/marcxml/schema/MARC21slim.xsd"
    xmlns="http://www.loc.gov/MARC21/slim">

  <leader>00749nam a2200217   4500</leader>
  <controlfield tag="001">81070</controlfield>
  <controlfield tag="003">BD-RjUL</controlfield>
  <controlfield tag="005">20230114182508.0</controlfield>
  <controlfield tag="008">230114s1951    u  o|||| |||| 001 1 ar  d</controlfield>
  <datafield tag="035" ind1=" " ind2=" ">
    <subfield code="a">(BD-RjUL)81070</subfield>
  </datafield>
  <datafield tag="040" ind1=" " ind2=" ">
    <subfield code="a">BD-RjUL</subfield>
    <subfield code="b">eng</subfield>
    <subfield code="c">BD-RjUL</subfield>
  </datafield>
  <datafield tag="041" ind1=" " ind2=" ">
    <subfield code="a">ara</subfield>
  </datafield>
  <datafield tag="082" ind1=" " ind2=" ">
    <subfield code="2">23</subfield>
    <subfield code="a">892.73</subfield>
    <subfield code="b">ERA 1951</subfield>
  </datafield>
  <datafield tag="100" ind1="1" ind2=" ">
    <subfield code="a">&#x627;&#x644;&#x639;&#x631;&#x64A;&#x627;&#x646;&#x60C; &#x645;&#x62D;&#x645;&#x62F; &#x633;&#x639;&#x64A;&#x62F;&#x60C;, &#x637;&#x647; &#x62D;&#x633;&#x64A;&#x646;&#x60C;Al-Erian, Muhammad Saeed, Taha Hussein.</subfield>
    <subfield code="9">6566</subfield>
  </datafield>
  <datafield tag="245" ind1="1" ind2="0">
    <subfield code="a"> &#x639;&#x644;&#x649; &#x628;&#x627;&#x628; &#x632;&#x648;&#x64A;&#x644;&#x629; : &#x642;&#x635;&#x629; &#x62A;&#x627;&#x631;&#x64A;&#x62E;&#x64A;&#x629;  alaa bab zuilat : qisat tarikhia  /</subfield>
    <subfield code="c">&#x645;&#x62D;&#x645;&#x62F; &#x633;&#x639;&#x64A;&#x62F; &#x627;&#x644;&#x639;&#x631;&#x64A;&#x627;&#x646;  Muhammed Saeed Al-Arian</subfield>
  </datafield>
  <datafield tag="250" ind1=" " ind2=" ">
    <subfield code="a">2nd. ed.</subfield>
  </datafield>
  <datafield tag="260" ind1=" " ind2=" ">
    <subfield code="a">Misr :</subfield>
    <subfield code="b">Darul muaref ,</subfield>
    <subfield code="c">1951</subfield>
  </datafield>
  <datafield tag="300" ind1=" " ind2=" ">
    <subfield code="a">361 p. :</subfield>
    <subfield code="b">ill. ;</subfield>
    <subfield code="c">22 cm</subfield>
  </datafield>
  <datafield tag="650" ind1=" " ind2=" ">
    <subfield code="a">Arabic Fiction</subfield>
    <subfield code="9">1045</subfield>
  </datafield>
  <datafield tag="942" ind1=" " ind2=" ">
    <subfield code="2">ddc</subfield>
    <subfield code="c">BK</subfield>
  </datafield>
  <datafield tag="999" ind1=" " ind2=" ">
    <subfield code="c">81070</subfield>
    <subfield code="d">81070</subfield>
  </datafield>
  <datafield tag="952" ind1=" " ind2=" ">
    <subfield code="0">0</subfield>
    <subfield code="1">0</subfield>
    <subfield code="2">ddc</subfield>
    <subfield code="4">0</subfield>
    <subfield code="7">1</subfield>
    <subfield code="8">FIC</subfield>
    <subfield code="a">RUCL</subfield>
    <subfield code="b">RUCL</subfield>
    <subfield code="c">Reading</subfield>
    <subfield code="d">2023-01-14</subfield>
    <subfield code="l">0</subfield>
    <subfield code="o">A 892.73 ERA 1951</subfield>
    <subfield code="r">2023-01-14 00:00:00</subfield>
    <subfield code="t">C-1</subfield>
    <subfield code="w">2023-01-14</subfield>
    <subfield code="y">BK</subfield>
  </datafield>
</record>
